| 000 | 01768nam0a2200337 i 4500 | ||
|---|---|---|---|
| 001 | RU\NLR\bibl\2024948 | ||
| 005 | 20260406065816.0 | ||
| 010 |
_a9785209047209 _980 |
||
| 021 |
_aRU _b2013-24011 _91662 |
||
| 035 | _a(NLR Aleph) 002069421 | ||
| 090 |
_a4739622 _c4739622 |
||
| 100 | _a20130417d2012 u y0rusy50 ca | ||
| 101 | 0 | _arus | |
| 102 | _aRU | ||
| 105 | _ay ||||||||| | ||
| 200 | 1 |
_aАудит недропользования _eучебное пособие _fА.Е. Воробьев, А.В. Синченко, А.С. Каукенова [и др.] _gФедер. гос. бюджет. образоват. учреждение высш. проф. образования Рос. ун-т дружбы народов |
|
| 210 |
_aМосква _cРоссийский университет дружбы народов _d2012 |
||
| 215 |
_a185 с. _d21 |
||
| 320 | _aБиблиогр.: с. 173 (13 назв.) | ||
| 606 | 1 |
_aЗемные недра _jУчебные издания _xИспользование _xАудит _92157342 _3RU\NLR\auth\661603324 |
|
| 606 | 1 |
_aПриродные ресурсы _jУчебные издания _xИспользование _xГосударственный контроль _yРоссийская Федерация _92599173 _3RU\NLR\auth\661535731 |
|
| 686 | _aД450.8я7 | ||
| 686 | _aХ625.91я7 | ||
| 701 | 1 |
_4070 _7ca _8rus _aВоробьев _bА. Е. _cд-р техн. наук _f1961- _gАлександр Егорович _99019 _3RU\NLR\auth\7725974 |
|
| 701 | 1 |
_aСинченко _bА. В. _gАнна Владимировна _4070 |
|
| 701 | 1 |
_aКаукенова _bА. С. _4070 |
|
| 801 | 0 |
_aRU _bNLR _c20130417 _gRCR |
|
| 801 | 1 |
_aRU _bNLR _c20130417 |
|
| 942 | _cBOOK | ||
| 980 | _aNBR | ||